El Mundo tras la era del petróleo: los nuevos ejes del poder y la riqueza
Bewaard in:
| Hoofdauteur: | |
|---|---|
| Formaat: | Texto |
| Gepubliceerd in: |
s.l.:
Planeta
|
| Tags: |
Voeg label toe
Geen labels, Wees de eerste die dit record labelt!
|
MARC
| LEADER | 00000 a a2200000 04500 | ||
|---|---|---|---|
| 001 | 23769 | ||
| 003 | |||
| 040 | |||
| 090 | |a 168100 | ||
| 100 | |a Nussbaum, Bruce | ||
| 245 | |a El Mundo tras la era del petróleo: los nuevos ejes del poder y la riqueza | ||
| 260 | |a s.l.: |b Planeta | ||
| 300 | |a 80 p. | ||
| 999 | |c 16908 |d 16908 | ||
